000 01159cad a22002655a 4500
001 E149212
008 100204s2010 stk f s000 0 eng d
020 _a9780755978106
022 1 _a0141-514X
035 _a(Sirsi) u149212
041 0 _aeng
050 0 4 _a711.1 $2 18
110 2 _aScotland
_bScottish Government
_95344
245 0 0 _aPlanning agreements
_bplanning circular 1 2010
_h[electronic resource]
260 _aEdinburgh
_bScottish Government
_c2010
490 0 _aPlanning Circular
_v(1/2010)
520 _aSets out Scottish Government policy on the use of agreements made under the Town and Country Planning (Scotland) Act 1997 S75. Also offers guidance on the circumstances in which such agreements should be used, and how they can be efficiently concluded.
521 _aAdvanced
590 _aKA
650 1 4 _aTOWN AND COUNTRY PLANNING (SCOTLAND) ACT 1997 S75
651 4 _aScotland
_y1999-
690 _aENVIRONMENTAL AND LAND CONSULTANCY-PLANNING AND DEVELOPMENT-PLANNING GUIDANCE
856 4 0 _uhttps://www.scotland.gov.uk/Publications/2010/01/27103054/0
_zView the circular free of charge at www.scotland.gov.uk...
942 _n0
999 _c110417
_d110417